00389nam a2200133Ia 4500008004100000041000800041082001800049100001700067245006800084260004300152300000900195650002300204700002800227220803s9999 xx 000 0 und d aeng a711.5 JAD/RAU aJadhav N Ed. aPune Vidhaypeth Samarth Bharat Abhiyan : Dattak Gavancha Itihas aPunebKulsachiva Pune Universityc2009 a181p aUrban Architecture aJadhav N Ed. Raut G Ed.